00697nam a2200181 a 450000100100000000500170001000800410002704000250006808200210009310000310011424500470014526000360019230000270022865000280025565000310028395201840031499900170049800004527120240412074304.0150223s1984 dr a 000 p spa d aDO-SdBNPbspacBNPHU aRD861.44bD249po1 aLeón Davidd1945-98493010aPoemas del Hombre Anodino /cLeón David. aSanto Domingo :b[s.n.],c1984. a62 p. :bil. ;c21 cm. 0aPoesía dominicana966 0aLiteratura dominicana.967 0010718PDaPDbPDcHDd2015-02-23iLF1l0oRD861.44 D249pop45271-10r2020-06-25w2020-06-25yLFPDzPerteneció a la biblioteca personal del Dr. Guaroa Ginebra H.ZNo se presta c44760d44760